| 000 | 00703cam a2200229 4500 | ||
|---|---|---|---|
| 001 | 9611 | ||
| 005 | 20230410101746.0 | ||
| 008 | 060907n2000 mx spa | ||
| 020 | _a9681209702 | ||
| 035 | _9funglode9691 | ||
| 041 | _aES | ||
| 050 | 1 | 4 |
_a112 F 1226 _bM611 2000 |
| 245 | 0 | 0 |
_aMéxico, Estados Unidos, Canadá 1997-1998 / _cBernardo Mabire ,ed |
| 260 |
_aMéxico : _bEl colegio de méxico, _c2000 |
||
| 300 | _a339 p. | ||
| 651 | 0 |
_aMexico _xForeign relations _zUnited States. |
|
| 651 | 0 |
_aUnited States _xForeign relations _zMexico. |
|
| 651 | 0 |
_aMexico _xForeign relations _zCanada. |
|
| 651 | 0 |
_aCanada _xForeign relations _zMexico. |
|
| 700 | 1 | _aMabire, Bernardo | |
| 942 |
_2lcc _cbk |
||
| 999 |
_c13481 _d13481 |
||